Reseña del banquete celebrado en el Teatro de la Alhambra el día 14 de enero de 1884 con motivo de los tratados de Comercio / (Record no. 45149)

MARC details
000 -LEADER
campo de control de longitud fija 00621nam a2200169 i 4500
001 - NÚMERO DE CONTROL
campo de control 45149
003 - IDENTIFICADOR DE NÚMERO DE CONTROL
campo de control ES-MaACL
005 - FECHA Y HORA DE LA ÚLTIMA TRANSACCIÓN
campo de control 20230906161150.0
007 - CAMPO FIJO DE DESCRIPCIÓN FÍSICA--INFORMACIÓN GENERAL
campo de control de longitud fija t|
008 - DATOS DE LONGITUD FIJA--INFORMACIÓN GENERAL
campo de control de longitud fija 030325s1884 sp ||||1| spa d
110 2# - ENTRADA PRINCIPAL--NOMBRE DE ENTIDAD CORPORATIVA
Nombre de entidad corporativa o nombre de jurisdicción como elemento de entrada Círculo de la Unión Mercantil (Madrid)
9 (RLIN) 134324
245 10 - MENCIÓN DEL TÍTULO
Título Reseña del banquete celebrado en el Teatro de la Alhambra el día 14 de enero de 1884 con motivo de los tratados de Comercio /
Mención de responsabilidad, etc. Círculo de la Unión Mercantíl de Madrid.
260 ## - PUBLICACIÓN, DISTRIBUCIÓN, ETC.
Lugar de publicación, distribución, etc. Madrid :
Nombre del editor, distribuidor, etc. [s.n.],
Fecha de publicación, distribución, etc. 1884 (
Fabricante Imp. de E. de la Riva)
300 ## - DESCRIPCIÓN FÍSICA
Extensión 67 p. ;
Dimensiones 22 cm.
852 ## - LOCALIZACIÓN
Ubicación ES-MaACL
Número de control de estantería Fol-Laf-282
852 ## - LOCALIZACIÓN
Ubicación ES-MaACL
Número de control de estantería T-350-F-3
Holdings
Estatus retirado Estado de pérdida Estado de daño No para préstamo Colección Biblioteca de origen Biblioteca actual Ubicación en estantería Fecha de adquisición Fuente de adquisición Total de préstamos Signatura topográfica completa Código de barras Visto por última vez Precio de reemplazo Tipo de ítem Koha
        Colección de folletos Biblioteca del Ateneo de Madrid Biblioteca del Ateneo de Madrid Depósito folletos 30/04/2019     T-350-F-3 1200463 23/02/2023 23/02/2023 Folleto
        Colección de folletos Biblioteca del Ateneo de Madrid Biblioteca del Ateneo de Madrid Depósito folletos 17/01/2008     Fol-Laf-282 1047514 23/02/2023 23/02/2023 Folleto